A history of economic theory and method

Saved in:
Bibliographic Details
Main Author: Ekelund, Robert B.
Format: Book
Language:Undetermined
Published: London McGraw-Hill International Book Company 1984
Subjects:
Tags: Add Tag
No Tags, Be the first to tag this record!
Institutions: Trung tâm Học liệu Trường Đại học Cần Thơ
LEADER 00498nam a2200181Ia 4500
001 CTU_79317
008 210402s9999 xx 000 0 und d
082 |a 330 
082 |b E36 
100 |a Ekelund, Robert B. 
245 2 |a A history of economic theory and method 
245 0 |c Robert B. Ekelund 
260 |a London 
260 |b McGraw-Hill International Book Company 
260 |c 1984 
650 |a Economics 
650 |x History 
980 |a Trung tâm Học liệu Trường Đại học Cần Thơ